How will bioinformatics influence metabolic engineering ? /

Uloženo v:
Podrobná bibliografie
Hlavní autor: Edwards, Jeremy S.
Další autoři: Palsson, Bernhard O.
Médium: Článek
Jazyk:English
Témata:
Tagy: Přidat tag
Žádné tagy, Buďte první, kdo otaguje tento záznam!
Thư viện lưu trữ: Thư viện Trường Đại học Đà Lạt
LEADER 01012nam a2200337 4500
001 DLU090098067
005 ##20091201
040 # # |a DLU  |b eng 
041 # # |a eng 
044 # # |a us 
100 # # |a Edwards, Jeremy S.  
245 # # |a How will bioinformatics influence metabolic engineering ? /  |c Jeremy S. Edwards, Bernhard O. Palsson. 
653 # # |a Bioinformatics  
653 # # |a Enzyme kinetics 
653 # # |a Genetic circuits 
653 # # |a Genetic engineering 
653 # # |a Mathematical analysis 
653 # # |a Metabolic engineering 
653 # # |a Modal analysis 
653 # # |a Stoichiometry 
700 # # |a Palsson, Bernhard O.  
773 # # |t Biotechnology and Bioengineering  |g Vol. 58, no. 2-3 (April 1998), p. 162-169 
920 # # |a Phòng Tạp chí -- Trung tâm Thông tin - Thư viện Trường Đại học Đà Lạt 
994 # # |a DLU 
900 # # |a True 
911 # # |a Trương Bảo Trâm Anh 
925 # # |a G 
926 # # |a A 
927 # # |a BB 
980 # # |a Thư viện Trường Đại học Đà Lạt